La guenille /

Uloženo v:
Podrobná bibliografie
Hlavní autor: Sarcq, Andre
Médium: Kniha
Jazyk:francouzština
Vydáno: [Arles] : Actes sud, 1995
Tagy: Přidat tag
Žádné tagy, Buďte první, kdo vytvoří štítek k tomuto záznamu!

MARC

LEADER 00000nam a22000007i 4500
001 IT\ICCU\UBO\4030981
003 ItRI
005 20260115231839.0
008 130909s1995 fr |||||| ||||| |||||c
020 |a 2742705244 
040 |b ita  |c importazione bologna sebina 
041 7 |a fre  |2 ISO-639-2 
100 1 |a Sarcq, Andre  |0 IT\ICCU\UBOV\360144 
245 1 3 |a La guenille /  |c Andre Sarcq. 
260 |a [Arles] :  |b Actes sud,  |c 1995 
300 |a 35 p. ;  |c 19 cm. 
942 |2 ddc  |c BK  |n 0 
952 |0 0  |1 0  |4 0  |6 DOC_842_914000000000000_SAR  |7 0  |9 14147  |a BO  |b BO  |d 2026-01-15  |i 5512  |l 0  |o DOC 842.914 SAR  |p BO5512  |r 2026-01-15 23:18:39  |w 2026-01-15  |x [Sebina 7] [1 v.]  |y BK  |z 1 v. 
999 |c 12204  |d 12204